The eternal church / (Record no. 4060)
[ view plain ]
| 000 -LEADER | |
|---|---|
| fixed length control field | 00979cam a2200313 a 4500 |
| 001 - CONTROL NUMBER | |
| control field | 3262353 |
| 003 - CONTROL NUMBER IDENTIFIER | |
| control field | OSt |
| 005 - DATE AND TIME OF LATEST TRANSACTION | |
| control field | 20181128155810.0 |
| 008 - FIXED-LENGTH DATA ELEMENTS--GENERAL INFORMATION | |
| fixed length control field | 950310s1981 flu b 000 0 eng d |
| 010 ## - LIBRARY OF CONGRESS CONTROL NUMBER | |
| LC control number | 81066826 |
| 020 ## - INTERNATIONAL STANDARD BOOK NUMBER | |
| International Standard Book Number | 0939868008 (pbk.) |
| 020 ## - INTERNATIONAL STANDARD BOOK NUMBER | |
| International Standard Book Number | 0939868016 |
| 035 ## - SYSTEM CONTROL NUMBER | |
| System control number | (OCoLC)9265936 |
| 040 ## - CATALOGING SOURCE | |
| Original cataloging agency | MoSpA |
| Transcribing agency | MoSpA |
| Modifying agency | DLC |
| 042 ## - AUTHENTICATION CODE | |
| Authentication code | lccopycat |
| 050 04 - LIBRARY OF CONGRESS CALL NUMBER | |
| Classification number | BV600.2 |
| Item number | .H28 1994 |
| 082 00 - DEWEY DECIMAL CLASSIFICATION NUMBER | |
| Classification number | 262 |
| Edition number | 20 |
| Item number | H228E |
| 100 1# - MAIN ENTRY--PERSONAL NAME | |
| Personal name | Hamon, Bill. |
| 245 14 - TITLE STATEMENT | |
| Title | The eternal church / |
| Statement of responsibility, etc. | by Bill Hamon ; foreworded by Harald Bredesen ... [et al.]. |
| 260 ## - PUBLICATION, DISTRIBUTION, ETC. | |
| Place of publication, distribution, etc. | Santa Rosa Beach, FL : |
| Name of publisher, distributor, etc. | Christian International, |
| Date of publication, distribution, etc. | c1981 |
| Date of manufacture | (1994 printing) |
| 300 ## - PHYSICAL DESCRIPTION | |
| Extent | xiv, 398 p. ; |
| Dimensions | 21 cm. |
| 504 ## - BIBLIOGRAPHY, ETC. NOTE | |
| Bibliography, etc. note | Bibliography: p. 396-398. |
| 650 #0 - SUBJECT ADDED ENTRY--TOPICAL TERM | |
| Topical term or geographic name entry element | Church. |
| 650 #0 - SUBJECT ADDED ENTRY--TOPICAL TERM | |
| Topical term or geographic name entry element | Church history. |
| 650 #0 - SUBJECT ADDED ENTRY--TOPICAL TERM | |
| Topical term or geographic name entry element | Pentecostalism. |
| 906 ## - LOCAL DATA ELEMENT F, LDF (RLIN) | |
| a | 7 |
| b | cbc |
| c | copycat |
| d | 3 |
| e | opcn |
| f | 19 |
| g | y-gencatlg |
| 942 ## - ADDED ENTRY ELEMENTS (KOHA) | |
| Source of classification or shelving scheme | Dewey Decimal Classification |
| Koha item type | Books |
| Withdrawn status | Lost status | Source of classification or shelving scheme | Damaged status | Not for loan | Collection code | Home library | Current library | Shelving location | Date acquired | Cost, normal purchase price | Total Checkouts | Full call number | Barcode | Date last seen | Price effective from | Koha item type |
|---|---|---|---|---|---|---|---|---|---|---|---|---|---|---|---|---|
| Dewey Decimal Classification | Not For Loan | Non-fiction | Harvest Mission College | Harvest Mission College | General Stacks | 28.11.2018 | 120.00 | 262 H228E | 004681 | 28.11.2018 | 28.11.2018 | Books | ||||
| Dewey Decimal Classification | Non-fiction | Harvest Mission College | Harvest Mission College | General Stacks | 28.11.2018 | 120.00 | 262 H228E | 011788 | 18.02.2021 | 28.11.2018 | Books |
